[Event "Bratto op-C 35th"]
[Site "Bratto"]
[Date "2015.08.24"]
[Round "2.15"]
[White "Cipriani, Emilio"]
[Black "Fantina, Carla"]
[Result "0-1"]
[WhiteElo "1657"]
[BlackElo "1319"]
[PlyCount "172"]
[EventDate "2015.08.23"]
[EventType "swiss"]
[EventRounds "8"]
[EventCountry "ITA"]
[SourceTitle "EXT 2022"]
[Source "ChessBase"]
[SourceDate "2021.10.06"]
[SourceVersion "1"]
[SourceVersionDate "2021.10.06"]
[SourceQuality "1"]

1. e4 d6 2. d4 Nf6 3. Nc3 g6 4. f4 Bg7 5. Nf3 0-0 6. Bd3 c5 7. d5 a6 8. 0-0 Nbd7 9. h3 Qc7 10. a4 Rb8 11. a5 c4 12. Be2 Nc5 13. e5 dxe5 14. Nxe5 Nce4 15. Nxe4 Nxe4 16. Qd4 Ng3 17. Re1 Nf5 18. Qxc4 Qxc4 19. Nxc4 Nd4 20. Bd3 e6 21. d6 Bd7 22. Ne5 Rfd8 23. Be3 Nc6 24. Bb6 Nxe5 25. fxe5 Rdc8 26. Bc7 Ra8 27. Bc4 Bc6 28. Rad1 Kf8 29. Bb3 Ke8 30. Bb6 Kd7 31. Rf1 Rf8 32. Bd4 Rac8 33. c4 h5 34. Rd2 Bh6 35. Rdf2 Ke8 36. Bc2 Rd8 37. b3 Rd7 38. Bc3 Be3 39. Kh1 Bxf2 40. Rxf2 Rg8 41. Bd2 Rd8 42. Bg5 Rc8 43. h4 Rb8 44. c5 Rg7 45. Bd3 Kd7 46. Kg1 Rbg8 47. Kf1 Rb8 48. Ke2 Ra8 49. Ke3 Rb8 50. Kd4 Ra8 51. Be4 Rb8 52. Rf4 Bb5 53. g4 hxg4 54. Rxg4 Be2 55. Rg2 Bb5 56. Be7 Bc6 57. Rg4 Rh7 58. Rf4 Re8 59. Bg5 Rb8 60. Bd3 Ra8 61. h5 Bb5 62. hxg6 fxg6 63. Bxg6 Rg7 64. Rf7+ Rxf7 65. Bxf7 Bc6 66. Bf6 Bd5 67. b4 Rf8 68. Bh5 Rg8 69. Be2 Bc6 70. Bh5 Rg2 71. Kc3 Rg3+ 72. Kd4 Rh3 73. Be2 Rb3 74. Be7 Rxb4+ 75. Kd3 Ra4 76. Ke3 Rxa5 77. Kf4 Rxc5 78. Bf6 a5 79. Kg5 b5 80. Kg6 b4 81. Kf7 Bd5 82. Bd1 b3 83. Bg5 a4 84. Be3 Rc4 85. Be2 b2 86. Bxc4 Bxc4 0-1

[Event "Milan SSM op-B 08"]
[Site "Milan"]
[Date "2015.08.04"]
[Round "6"]
[White "Fantina, Carla"]
[Black "Bonghi, Fabrizio"]
[Result "0-1"]
[WhiteElo "1314"]
[BlackElo "1481"]
[PlyCount "106"]
[EventDate "2015.07.31"]
[EventType "swiss"]
[EventRounds "7"]
[EventCountry "ITA"]
[SourceTitle "EXT 2022"]
[Source "ChessBase"]
[SourceDate "2021.10.06"]
[SourceVersion "1"]
[SourceVersionDate "2021.10.06"]
[SourceQuality "1"]

1. c4 e6 2. g3 Nf6 3. Bg2 c6 4. Nf3 d5 5. cxd5 exd5 6. 0-0 Bd6 7. Nc3 0-0 8. d4 Bf5 9. h3 Be4 10. Nxe4 Nxe4 11. a3 Qc7 12. Ng5 Nxg5 13. Bxg5 Nd7 14. e3 f6 15. Bf4 Bxf4 16. exf4 f5 17. Rc1 Nf6 18. f3 Rfe8 19. Qd2 Re7 20. Rfe1 Rae8 21. Rxe7 Rxe7 22. Qb4 Nh5 23. Kh2 Re2 24. Re1 Rxe1 25. Qxe1 Qd7 26. Qe3 Nf6 27. g4 fxg4 28. hxg4 Qxg4 29. Bh3 Qg6 30. Qe6+ Qf7 31. Qxf7+ Kxf7 32. Kg3 b6 33. Bc8 c5 34. dxc5 bxc5 35. Kf2 Ke7 36. Ke3 Kd6 37. Bf5 h6 38. Bh3 d4+ 39. Kd3 Nh5 40. Ke4 Ng3+ 41. Kd3 Kd5 42. b3 Nh5 43. Bg2 Ng3 44. Bh3 Nh5 45. Bc8 Nxf4+ 46. Kd2 Kc6 47. Bf5 Kd6 48. Be4 Nd5 49. Kd3 Nc3 50. b4 Nxe4 51. fxe4 cxb4 52. axb4 Ke5 53. b5 g5 0-1

[Event "Milan SSM May B"]
[Site "Milan"]
[Date "2015.05.22"]
[Round "3"]
[White "Casati, Ivan Mario"]
[Black "Fantina, Carla"]
[Result "1-0"]
[WhiteElo "1385"]
[BlackElo "1316"]
[PlyCount "65"]
[EventDate "2015.05.20"]
[EventType "swiss"]
[EventRounds "6"]
[EventCountry "ITA"]
[SourceTitle "EXT 2024"]
[Source "ChessBase"]
[SourceDate "2023.10.10"]
[SourceVersion "1"]
[SourceVersionDate "2023.10.10"]
[SourceQuality "1"]

1. e4 d6 2. d4 Nf6 3. Nc3 g6 4. Bg5 Bg7 5. Nf3 h6 6. Bh4 0-0 7. Bd3 c6 8. 0-0 Bg4 9. Be2 Nbd7 10. Qd3 Nh5 11. Qe3 Re8 12. Rad1 Qb6 13. b3 a6 14. h3 Bxf3 15. Bxf3 Nhf6 16. Qd3 Qc7 17. Bg3 Rad8 18. Rfe1 e5 19. Qc4 b5 20. Qd3 Nh7 21. d5 Nc5 22. Qe3 Ng5 23. dxc6 Qxc6 24. Nd5 Nxf3+ 25. gxf3 Ne6 26. Rc1 Nd4 27. c3 Ne6 28. c4 bxc4 29. Rxc4 Qa8 30. Rec1 Rd7 31. Nb6 Qa7 32. Nxd7 Qxe3 33. fxe3 1-0

[Event "Milan Palladino Memorial-B 7th"]
[Site "Milan"]
[Date "2015.04.06"]
[Round "7"]
[White "Benedetti, Mario"]
[Black "Fantina, Carla"]
[Result "1/2-1/2"]
[WhiteElo "1313"]
[BlackElo "1333"]
[PlyCount "175"]
[EventDate "2015.04.02"]
[EventType "swiss"]
[EventRounds "7"]
[EventCountry "ITA"]
[SourceTitle "EXT 2017"]
[Source "ChessBase"]
[SourceDate "2016.10.25"]
[SourceVersion "1"]
[SourceVersionDate "2016.10.25"]
[SourceQuality "1"]

1. d4 Nf6 2. c4 g6 3. Nc3 Bg7 4. Nf3 d6 5. Bg5 h6 6. Bxf6 Bxf6 7. e3 c6 8. Be2 Nd7 9. Qd2 Bg7 10. Ne4 0-0 11. 0-0 Nb6 12. Qd1 Bf5 13. Nc3 d5 14. cxd5 cxd5 15. Nd2 e5 16. dxe5 Bxe5 17. Nf3 Bg7 18. Bd3 Be6 19. Rc1 a6 20. Re1 Qd7 21. Nd4 Rad8 22. Nxe6 Qxe6 23. Qb3 Rd6 24. Ne2 Qd7 25. Rc2 Rc8 26. Rec1 Rxc2 27. Rxc2 Na4 28. Nd4 Rb6 29. Qa3 Bf8 30. b4 Bxb4 31. Qc1 Bd6 32. g3 Qe7 33. Nb3 Kg7 34. Qa1+ Be5 35. Qe1 Re6 36. Re2 Nb2 37. Bc2 Qc7 38. Nd4 Bxd4 39. exd4 Rxe2 40. Qxe2 Nc4 41. Bb3 b5 42. h4 Qd7 43. Kg2 Qe6 44. Qd3 Qe4+ 45. Qxe4 dxe4 46. Bc2 Nd6 47. f3 f5 48. f4 h5 49. Kf2 Kf7 50. Bb3+ Kf6 51. Ke3 Ke7 52. d5 a5 53. a4 b4 54. Kd4 Kf6 55. Ke3 Nb7 56. Kd4 Nd6 57. Ke3 Ke7 58. Kd4 e3 59. Kxe3 Ne4 60. Ke2 Nxg3+ 61. Kf3 Ne4 62. Ke3 Kd6 63. Kd4 Nd2 64. Bc4 Nf3+ 65. Kd3 Nxh4 66. Kd4 Nf3+ 67. Ke3 Ne1 68. Bb3 Ng2+ 69. Kf3 Nh4+ 70. Kg3 g5 71. fxg5 Ng6 72. Kf3 h4 73. Bc2 Kxd5 74. Bxf5 Ne5+ 75. Kf4 b3 76. g6 Nxg6+ 77. Bxg6 b2 78. Kg4 Kc5 79. Kxh4 Kb4 80. Kg3 Kxa4 81. Kf3 Ka3 82. Ke2 Kb3 83. Kd2 a4 84. Bc2+ Kb4 85. Bb1 a3 86. Kc2 Ka4 87. Ba2 Kb4 88. Bb1 1/2-1/2

[Event "Milan Palladino Memorial-B 7th"]
[Site "Milan"]
[Date "2015.04.04"]
[Round "4"]
[White "Fantina, Carla"]
[Black "Bolognese, Leonardo"]
[Result "0-1"]
[WhiteElo "1333"]
[BlackElo "1564"]
[PlyCount "64"]
[EventDate "2015.04.02"]
[EventType "swiss"]
[EventRounds "7"]
[EventCountry "ITA"]
[SourceTitle "EXT 2017"]
[Source "ChessBase"]
[SourceDate "2016.10.25"]
[SourceVersion "1"]
[SourceVersionDate "2016.10.25"]
[SourceQuality "1"]

1. c4 e5 2. Nc3 Nf6 3. g3 Nc6 4. Bg2 Be7 5. e3 d6 6. Nge2 Be6 7. d3 Qd7 8. Nd5 Bxd5 9. cxd5 Nb4 10. a3 Nbxd5 11. Qb3 c6 12. 0-0 0-0 13. h3 Nb6 14. f4 exf4 15. Nxf4 d5 16. Bd2 Rfe8 17. Rad1 Rad8 18. Ba5 Qc7 19. d4 Bd6 20. Rf3 Ne4 21. Bxb6 Qxb6 22. Qxb6 axb6 23. Kh2 Ng5 24. Rf2 Rxe3 25. h4 Ne4 26. Bxe4 Rxe4 27. Kg2 Rde8 28. b4 Bxf4 29. gxf4 Re3 30. a4 Ra3 31. a5 bxa5 32. bxa5 Rxa5 0-1

[Event "Ceriano Laghetto op-C 24th"]
[Site "Ceriano Laghetto"]
[Date "2015.03.07"]
[Round "2"]
[White "Fantina, Carla"]
[Black "Cella, Pietro"]
[Result "1/2-1/2"]
[WhiteElo "1323"]
[BlackElo "1467"]
[PlyCount "106"]
[EventDate "2015.03.06"]
[EventType "swiss"]
[EventRounds "5"]
[EventCountry "ITA"]
[SourceTitle "EXT 2024"]
[Source "ChessBase"]
[SourceDate "2023.10.10"]
[SourceVersion "1"]
[SourceVersionDate "2023.10.10"]
[SourceQuality "1"]

1. c4 c6 2. Nc3 d5 3. cxd5 cxd5 4. d4 Nc6 5. g3 Nf6 6. Bg2 Bf5 7. Nh3 e6 8. 0-0 Bb4 9. a3 Ba5 10. Bf4 0-0 11. Nb5 Ne8 12. Ng5 h6 13. Nf3 a6 14. Nc3 Nd6 15. Bxd6 Qxd6 16. Na4 Rab8 17. b4 Bc7 18. Nc5 Rfd8 19. Qd2 Qe7 20. h3 Qf6 21. Rac1 e5 22. dxe5 Nxe5 23. Nd4 Nc4 24. Qc3 Be5 25. e3 Be6 26. Ncxe6 fxe6 27. f4 Bxd4 28. exd4 Rbc8 29. Qd3 Re8 30. Rb1 b5 31. f5 Rcd8 32. g4 Qg5 33. Rf2 exf5 34. Rxf5 Qe3+ 35. Qxe3 Nxe3 36. Rf3 Nxg2 37. Kxg2 Re4 38. Rd1 Rc8 39. Rd2 Rc6 40. Rf5 Rd6 41. Kf3 g5 42. Rd3 Kg7 43. Kg3 Kg6 44. Rf8 Kg7 45. Rc8 Rf4 46. h4 Re4 47. hxg5 hxg5 48. Rc1 Kg6 49. Rf1 Kg7 50. Rf5 Kg6 51. Kf3 Kh6 52. Kg2 Kg6 53. Kg3 Kh6 1/2-1/2

[Event "Milan Carnevale op-B 6th"]
[Site "Milan"]
[Date "2015.02.22"]
[Round "6"]
[White "Meharunkar, Prabhav"]
[Black "Fantina, Carla"]
[Result "0-1"]
[WhiteElo "1530"]
[BlackElo "1340"]
[PlyCount "138"]
[EventDate "2015.02.18"]
[EventType "swiss"]
[EventRounds "6"]
[EventCountry "ITA"]
[SourceTitle "EXT 2017"]
[Source "ChessBase"]
[SourceDate "2016.10.25"]
[SourceVersion "1"]
[SourceVersionDate "2016.10.25"]
[SourceQuality "1"]

1. e4 d6 2. d4 Nf6 3. Nc3 g6 4. Nf3 Bg7 5. Bc4 0-0 6. 0-0 Nxe4 7. Nxe4 d5 8. Bd3 dxe4 9. Bxe4 c6 10. Re1 Bg4 11. c3 Nd7 12. h3 Bxf3 13. Qxf3 Nf6 14. Bf4 Nh5 15. Rad1 Nxf4 16. Qxf4 e6 17. Bf3 Qb6 18. b4 a5 19. a3 axb4 20. axb4 Ra3 21. Qe3 Rfa8 22. Be4 R8a4 23. Rb1 Ra2 24. Bf3 R4a3 25. Re2 Ra1 26. Rxa1 Rxa1+ 27. Re1 Ra3 28. Bg4 Ra8 29. Qd3 h5 30. Bf3 Qd8 31. Rd1 Qc7 32. c4 Bf6 33. d5 cxd5 34. cxd5 Rd8 35. d6 Qb6 36. b5 Be5 37. Qe4 Qxb5 38. Qxb7 Qxb7 39. Bxb7 Bxd6 40. Kf1 Kg7 41. Ke2 Kf6 42. Kf3 Ke7 43. Ke4 Rb8 44. Rb1 f5+ 45. Kf3 e5 46. Ke3 Bc5+ 47. Kd3 Bxf2 48. Ke2 Bd4 49. Kd3 Rd8 50. Bc6 Kd6 51. Bb5 Kc5 52. Bc4 e4+ 53. Ke2 Kxc4 54. Rd1 Rb8 55. Rc1+ Bc3 56. Ke3 Rb3 57. Ke2 Kb4 58. Rd1 Rb2+ 59. Ke3 Rxg2 60. Rb1+ Kc4 61. Rh1 Bd4+ 62. Kf4 e3 63. Kf3 Rf2+ 64. Kg3 Be5+ 65. Kh4 e2 66. Rc1+ Bc3 67. Kg3 Rf1 68. Rxf1 exf1Q 69. Kh4 Qf4# 0-1

[Event "Milan Carnevale op-B 6th"]
[Site "Milan"]
[Date "2015.02.21"]
[Round "4"]
[White "Marcuzzo, Stefano"]
[Black "Fantina, Carla"]
[Result "1/2-1/2"]
[WhiteElo "1582"]
[BlackElo "1340"]
[PlyCount "183"]
[EventDate "2015.02.18"]
[EventType "swiss"]
[EventRounds "6"]
[EventCountry "ITA"]
[SourceTitle "EXT 2017"]
[Source "ChessBase"]
[SourceDate "2016.10.25"]
[SourceVersion "1"]
[SourceVersionDate "2016.10.25"]
[SourceQuality "1"]

1. e4 d6 2. d4 Nf6 3. Nc3 g6 4. f4 Bg7 5. Nf3 c6 6. Bd3 0-0 7. 0-0 Qb6 8. Kh1 Nbd7 9. e5 dxe5 10. dxe5 Nd5 11. Nxd5 cxd5 12. Qe2 e6 13. c3 Qc7 14. Nd4 a6 15. Be3 Nc5 16. Nf3 Nxd3 17. Qxd3 Bd7 18. Nd4 f5 19. Qd1 b5 20. h4 h5 21. Qd2 Rfe8 22. Rac1 Bf8 23. b4 Be7 24. g3 a5 25. Nb3 a4 26. Nd4 Qb7 27. Nf3 Rad8 28. Kh2 Bc6 29. Bd4 a3 30. Ne1 Qa6 31. Qc2 Rc8 32. Nd3 Bb7 33. Qb3 Rc4 34. Bc5 Bd8 35. Rfe1 Bc7 36. Bd4 Ra8 37. Nc5 Qc6 38. Be3 Bb6 39. Nd3 Bxe3 40. Rxe3 d4 41. Re2 Rxc3 42. Qd1 Rc8 43. Nc5 Rxc1 44. Qxc1 Qd5 45. Qd1 Bc6 46. Rc2 Rd8 47. Nd3 Qf3 48. Qxf3 Bxf3 49. Kg1 Be4 50. Rd2 Bxd3 51. Rxd3 Rc8 52. Rxd4 Rc1+ 53. Kf2 Rc2+ 54. Ke1 Rxa2 55. Rd3 Ra1+ 56. Ke2 a2 57. Ra3 Kf7 58. Kd2 Rb1 59. Rxa2 Rxb4 60. Ra6 Rb3 61. Rb6 Rxg3 62. Rxb5 Rg4 63. Rb7+ Kg8 64. Re7 Rxf4 65. Rxe6 Kf7 66. Rf6+ Kg7 67. Rd6 Rxh4 68. e6 Re4 69. Rd7+ Kf6 70. Rf7+ Kxe6 71. Ra7 Kf6 72. Ra6+ Kg5 73. Ra3 h4 74. Ra1 Rg4 75. Ke3 h3 76. Kf3 Rg2 77. Rh1 Kh4 78. Ra1 Rg4 79. Ra6 Kg5 80. Ra1 Rc4 81. Rg1+ Kf6 82. Ra1 Rc6 83. Kg3 Rc3+ 84. Kf2 Ke5 85. Re1+ Kf4 86. Ra1 Rc4 87. Ra3 h2 88. Kg2 Rc2+ 89. Kh1 g5 90. Rf3+ Kg4 91. Rg3+ Kh4 92. Rh3+ 1/2-1/2

[Event "Milan Crespi op-B 35th"]
[Site "Milan"]
[Date "2014.12.06"]
[Round "3"]
[White "Fantina, Carla"]
[Black "Figini, Vittorio"]
[Result "0-1"]
[WhiteElo "1359"]
[BlackElo "1477"]
[PlyCount "88"]
[EventDate "2014.12.04"]
[EventType "swiss"]
[EventRounds "7"]
[EventCountry "ITA"]
[SourceTitle "EXT 2017"]
[Source "ChessBase"]
[SourceDate "2016.10.25"]
[SourceVersion "1"]
[SourceVersionDate "2016.10.25"]
[SourceQuality "1"]

1. c4 c5 2. g3 Nc6 3. Bg2 e6 4. Nc3 Be7 5. e3 Nf6 6. Nge2 a6 7. 0-0 Qc7 8. d3 Rb8 9. a3 b5 10. Nf4 b4 11. Ne4 a5 12. Nh5 Qe5 13. Nexf6+ Bxf6 14. Qg4 g6 15. Nxf6+ Qxf6 16. f4 Bb7 17. e4 Qd4+ 18. Kh1 0-0 19. Qe2 d6 20. Be3 Qg7 21. Qd2 Nd4 22. Rab1 Nb3 23. Qf2 a4 24. Bf3 Bc8 25. Bd1 Bd7 26. Bxb3 axb3 27. d4 Bc6 28. d5 exd5 29. exd5 Bd7 30. Qd2 Bf5 31. Rbc1 Be4+ 32. Kg1 f5 33. axb4 Rxb4 34. Qe2 Ra8 35. h3 Ra2 36. Ra1 Rba4 37. Rxa2 Rxa2 38. Bd2 Rxb2 39. Qe3 Qd4 40. Qxd4 cxd4 41. Bb4 Rg2+ 42. Kh1 b2 43. Bxd6 Re2+ 44. Kg1 b1Q 0-1

[Event "Milan Molinari Memorial-B 8th"]
[Site "Milan"]
[Date "2014.10.29"]
[Round "1"]
[White "Berendino, Giacomo"]
[Black "Fantina, Carla"]
[Result "1-0"]
[WhiteElo "1636"]
[BlackElo "1358"]
[PlyCount "63"]
[EventDate "2014.10.29"]
[EventType "swiss"]
[EventRounds "6"]
[EventCountry "ITA"]
[SourceTitle "EXT 2024"]
[Source "ChessBase"]
[SourceDate "2023.10.10"]
[SourceVersion "1"]
[SourceVersionDate "2023.10.10"]
[SourceQuality "1"]

1. d4 Nf6 2. Bg5 h6 3. Bxf6 gxf6 4. g3 Bg7 5. Bg2 c6 6. Nd2 e5 7. Ne4 d5 8. Nc5 Nd7 9. Nxd7 Bxd7 10. Nh3 Qa5+ 11. c3 Bxh3 12. Bxh3 0-0 13. 0-0 Qb6 14. Rb1 e4 15. Bf5 Rae8 16. e3 Re7 17. Qc2 c5 18. dxc5 Qxc5 19. g4 a5 20. Rfd1 Rd8 21. Rd4 b5 22. a3 Re5 23. Qd2 h5 24. h3 hxg4 25. hxg4 Bh6 26. Qe1 Qc7 27. Qf1 Rxf5 28. gxf5 Qh2+ 29. Kxh2 Bg5 30. Qxb5 Kg7 31. Kg2 Kf8 32. Qxa5 1-0

[Event "Milan SSM op-B 08"]
[Site "Milan"]
[Date "2014.08.01"]
[Round "4"]
[White "Carito, Riccardo"]
[Black "Fantina, Carla"]
[Result "1-0"]
[WhiteElo "1732"]
[BlackElo "1399"]
[PlyCount "83"]
[EventDate "2014.07.29"]
[EventType "swiss"]
[EventRounds "7"]
[EventCountry "ITA"]
[SourceTitle "EXT 2022"]
[Source "ChessBase"]
[SourceDate "2021.10.06"]
[SourceVersion "1"]
[SourceVersionDate "2021.10.06"]
[SourceQuality "1"]

1. d4 Nf6 2. c4 g6 3. Nc3 Bg7 4. Nf3 d6 5. Bf4 0-0 6. e3 Nh5 7. Bg5 f5 8. h3 Nf6 9. Bd3 c6 10. 0-0 Qc7 11. Qb3 e6 12. Bf4 Qa5 13. Bxd6 Re8 14. Rfe1 Nbd7 15. Ng5 Nb6 16. Rad1 Nbd7 17. Ne2 Qb6 18. Qa3 Bf8 19. Bxf8 Nxf8 20. c5 Qc7 21. Bc4 h6 22. Nf3 Kg7 23. Ne5 Bd7 24. Nf4 g5 25. Ne2 Nd5 26. Ng3 b6 27. Nh5+ Kg8 28. Bxd5 exd5 29. Nf6+ Kg7 30. Nxe8+ Rxe8 31. Nxd7 Nxd7 32. cxb6 Nxb6 33. b3 Nd7 34. Rc1 a5 35. Rc3 Re6 36. Rec1 Nb8 37. Rc5 f4 38. Rxa5 Kf6 39. Qf8+ Kg6 40. Rxd5 fxe3 41. Qf5+ Kh5 42. Qxe6 1-0

[Event "Milan SSM op 07"]
[Site "Milan"]
[Date "2014.07.03"]
[Round "1"]
[White "Fantina, Carla"]
[Black "Poletto, Daniele"]
[Result "0-1"]
[WhiteElo "1399"]
[BlackElo "1738"]
[PlyCount "90"]
[EventDate "2014.07.03"]
[EventType "swiss"]
[EventRounds "5"]
[EventCountry "ITA"]
[SourceTitle "EXT 2016"]
[Source "ChessBase"]
[SourceDate "2015.10.08"]
[SourceVersion "1"]
[SourceVersionDate "2015.10.08"]
[SourceQuality "1"]

1. c4 c5 2. g3 Nc6 3. Bg2 g6 4. Nc3 Bg7 5. Nf3 e5 6. e4 Nge7 7. 0-0 d6 8. h3 0-0 9. d3 h6 10. Rb1 a6 11. a3 Rb8 12. b4 cxb4 13. axb4 b5 14. cxb5 axb5 15. Be3 f5 16. Qc2 f4 17. Qb3+ Kh7 18. Bd2 fxg3 19. fxg3 Qb6+ 20. Kh2 Bd7 21. Ne2 Ra8 22. Bc3 Qe3 23. Qc2 Be6 24. Neg1 Ra2 25. Rb2 Rfa8 26. Re1 Qb6 27. h4 Rxb2 28. Qxb2 Ra2 29. Qc1 Qf2 30. Bd2 Nxb4 31. Re2 Qc5 32. Qxc5 dxc5 33. Bxb4 cxb4 34. Rxa2 Bxa2 35. Ne2 b3 36. Nc3 b4 37. Nd1 Nc6 38. Nb2 Bf8 39. Nd2 Bc5 40. Ndc4 Bd4 41. Bf1 Na5 42. Be2 Nxc4 43. dxc4 Bxb2 44. c5 Bd4 45. c6 Bb6 0-1

[Event "Milan Giugno B"]
[Site "Milan"]
[Date "2014.05.29"]
[Round "1"]
[White "Pipitone, Filippo Massimo"]
[Black "Fantina, Carla"]
[Result "1-0"]
[WhiteElo "1556"]
[BlackElo "1425"]
[PlyCount "27"]
[EventDate "2014.05.29"]
[EventType "swiss"]
[EventRounds "6"]
[EventCountry "ITA"]
[SourceTitle "EXT 2024"]
[Source "ChessBase"]
[SourceDate "2023.10.10"]
[SourceVersion "1"]
[SourceVersionDate "2023.10.10"]
[SourceQuality "1"]

1. d4 Nf6 2. Nf3 g6 3. Nc3 Bg7 4. e4 d6 5. Be2 c6 6. Be3 Qa5 7. Qd2 Ng4 8. Bf4 e5 9. dxe5 dxe5 10. Bg5 h5 11. h3 Nh6 12. 0-0-0 Be6 13. Qd8+ Qxd8 14. Rxd8# 1-0

[Event "Milan Carnevale op-B 5th"]
[Site "Milan"]
[Date "2014.03.09"]
[Round "5"]
[White "Iacchetti, Giovanni"]
[Black "Fantina, Carla"]
[Result "1-0"]
[WhiteElo "1744"]
[BlackElo "1437"]
[PlyCount "97"]
[EventDate "2014.03.05"]
[EventType "swiss"]
[EventRounds "6"]
[EventCountry "ITA"]
[SourceTitle "EXT 2015"]
[Source "ChessBase"]
[SourceDate "2014.11.20"]
[SourceVersion "1"]
[SourceVersionDate "2014.11.20"]
[SourceQuality "1"]

1. Nf3 Nf6 2. b3 g6 3. Bb2 Bg7 4. e3 0-0 5. d4 d6 6. Nbd2 Nbd7 7. Be2 a6 8. c4 c6 9. 0-0 b5 10. Rc1 Rb8 11. Qc2 Bb7 12. Rfd1 Qa5 13. Bc3 b4 14. Ba1 c5 15. d5 Rfc8 16. e4 Qc7 17. Nf1 e5 18. Ng3 Nh5 19. Nxh5 gxh5 20. Nh4 Nf6 21. Nf5 Bf8 22. f4 Re8 23. Rf1 Bc8 24. fxe5 dxe5 25. d6 Bxd6 26. Nxd6 Qxd6 27. Rcd1 Qc6 28. Bf3 Ng4 29. Qd2 Qg6 30. h3 Nf6 31. Qd6 Bxh3 32. Bxe5 Rxe5 33. Qxb8+ Re8 34. Qh2 Bg4 35. e5 Ne4 36. Bxg4 hxg4 37. Rf4 g3 38. Qh4 Nf2 39. Rf6 Qg4 40. Qxg4+ Nxg4 41. Rxa6 Rxe5 42. Rf1 f5 43. a3 bxa3 44. Rxa3 f4 45. Ra5 Nh2 46. Rd1 f3 47. gxf3 Nxf3+ 48. Kg2 Re3 49. Rd7 1-0

[Event "Milan Befana op-B"]
[Site "Milan"]
[Date "2014.01.03"]
[Round "2"]
[White "Fantina, Carla"]
[Black "Libutti, Michele"]
[Result "0-1"]
[WhiteElo "1456"]
[BlackElo "1727"]
[PlyCount "70"]
[EventDate "2014.01.02"]
[EventType "swiss"]
[EventRounds "7"]
[EventCountry "ITA"]
[SourceTitle "EXT 2015"]
[Source "ChessBase"]
[SourceDate "2014.11.20"]
[SourceVersion "1"]
[SourceVersionDate "2014.11.20"]
[SourceQuality "1"]

1. c4 e5 2. Nc3 Nf6 3. e4 d6 4. d3 Nc6 5. Nf3 Be7 6. Be2 0-0 7. 0-0 Bg4 8. h3 Bd7 9. Be3 Ne8 10. Nd5 f5 11. Nxe7+ Qxe7 12. Bg5 Nf6 13. Bxf6 Qxf6 14. Qd2 f4 15. Rad1 Rae8 16. b4 a6 17. a3 g5 18. b5 axb5 19. cxb5 Nd4 20. Nxd4 exd4 21. a4 Re5 22. Rc1 Rc5 23. Qb4 b6 24. Rc4 Re8 25. Rxd4 Kg7 26. Rc4 Rh8 27. Rfc1 h5 28. Qc3 g4 29. Qxf6+ Kxf6 30. hxg4 hxg4 31. g3 f3 32. Bf1 Rch5 33. Bg2 Rh2 34. e5+ dxe5 35. Rxg4 Rxg2+ 0-1

[Event "Milan Crespi op-B 34th"]
[Site "Milan"]
[Date "2013.12.07"]
[Round "4"]
[White "Fantina, Carla"]
[Black "Alidosi, Marco"]
[Result "1/2-1/2"]
[WhiteElo "1437"]
[BlackElo "1781"]
[PlyCount "91"]
[EventDate "2013.12.04"]
[EventType "swiss"]
[EventRounds "7"]
[EventCountry "ITA"]
[SourceTitle "EXT 2015"]
[Source "ChessBase"]
[SourceDate "2014.11.20"]
[SourceVersion "1"]
[SourceVersionDate "2014.11.20"]
[SourceQuality "1"]

1. c4 b6 2. Nf3 Bb7 3. e3 e6 4. g3 g6 5. Bg2 Bg7 6. 0-0 Nf6 7. Nc3 0-0 8. d3 Na6 9. Rb1 Qe7 10. a3 Rfd8 11. e4 d5 12. exd5 exd5 13. Re1 Qf8 14. cxd5 Nxd5 15. d4 c5 16. Qa4 Nxc3 17. bxc3 cxd4 18. cxd4 Nc7 19. Be3 Nd5 20. Qb3 Qd6 21. Ng5 Rd7 22. Ne4 Qf8 23. a4 Re8 24. Nc3 Nxc3 25. Qxc3 Bxg2 26. Kxg2 Red8 27. Rbd1 Rd5 28. Qc7 R8d7 29. Qc4 Qd8 30. Qa6 Qa8 31. Kg1 Bxd4 32. Rc1 Bc5 33. h4 Kg7 34. Qc4 Bxe3 35. fxe3 Rc5 36. Qf4 Rd2 37. e4 Qd8 38. Rxc5 bxc5 39. Qe5+ Qf6 40. Qxf6+ Kxf6 41. Rc1 Ra2 42. Rxc5 Rxa4 43. e5+ Ke6 44. Kg2 a5 45. Kf3 Rd4 46. Rxa5 1/2-1/2

[Event "Milan Crespi op-B 34th"]
[Site "Milan"]
[Date "2013.12.05"]
[Round "2"]
[White "Fantina, Carla"]
[Black "Aloe, Giancarlo"]
[Result "0-1"]
[WhiteElo "1437"]
[BlackElo "1711"]
[PlyCount "80"]
[EventDate "2013.12.04"]
[EventType "swiss"]
[EventRounds "7"]
[EventCountry "ITA"]
[SourceTitle "EXT 2015"]
[Source "ChessBase"]
[SourceDate "2014.11.20"]
[SourceVersion "1"]
[SourceVersionDate "2014.11.20"]
[SourceQuality "1"]

1. c4 Nf6 2. g3 c6 3. Bg2 e6 4. e4 g6 5. e5 Nh5 6. Nf3 d5 7. d4 Nd7 8. c5 b6 9. b4 a5 10. Bd2 axb4 11. Bxb4 bxc5 12. dxc5 Ba6 13. Qd2 Bc4 14. a3 Nxc5 15. Bxc5 Bxc5 16. a4 Ng7 17. Nc3 Nf5 18. Rb1 Qa5 19. Bf1 Bxf1 20. Kxf1 Bb4 21. Rc1 c5 22. Qc2 Rc8 23. Na2 0-0 24. Qb3 Rb8 25. Nxb4 Rxb4 26. Qa3 c4 27. Kg2 Rxa4 28. Qb2 Rb4 29. Qc3 Qc5 30. Rb1 Rfb8 31. Rxb4 Rxb4 32. Rc1 d4 33. Qa3 Qb6 34. Qa8+ Kg7 35. Qe8 c3 36. g4 Nh6 37. Qe7 Nxg4 38. Ng5 Qb7+ 39. Qxb7 Rxb7 40. h3 Nxe5 0-1

[Event "Milan Crespi op-B 34th"]
[Site "Milan"]
[Date "2013.12.04"]
[Round "1"]
[White "Bertora, Silvano"]
[Black "Fantina, Carla"]
[Result "1/2-1/2"]
[WhiteElo "1632"]
[BlackElo "1437"]
[PlyCount "97"]
[EventDate "2013.12.04"]
[EventType "swiss"]
[EventRounds "7"]
[EventCountry "ITA"]
[SourceTitle "EXT 2015"]
[Source "ChessBase"]
[SourceDate "2014.11.20"]
[SourceVersion "1"]
[SourceVersionDate "2014.11.20"]
[SourceQuality "1"]

1. Nf3 d6 2. d4 Nf6 3. c4 g6 4. e4 Nxe4 5. Bd3 Nf6 6. Bd2 Bg7 7. Nc3 c5 8. d5 a6 9. Qc1 Bg4 10. Be2 0-0 11. Bh6 Bxf3 12. Bxf3 Nbd7 13. Bxg7 Kxg7 14. g4 Ne5 15. Qf4 Nxf3+ 16. Qxf3 h5 17. g5 Nd7 18. 0-0-0 Ne5 19. Qe4 Ng4 20. Rd2 Re8 21. h3 f5 22. Qe2 Ne5 23. f4 Nd7 24. Re1 Nf8 25. Qd1 Qa5 26. Rde2 Kf7 27. Re3 b5 28. Qe2 Ra7 29. b3 b4 30. Na4 Qc7 31. Qb2 Qd8 32. Qh8 e6 33. Qb2 Kg8 34. dxe6 Rae7 35. Qd2 Nxe6 36. Qd5 Kf7 37. Nxc5 dxc5 38. Rxe6 Qxd5 39. cxd5 Rxe6 40. dxe6+ Rxe6 41. Rd1 Ke7 42. Rd5 Rc6 43. Kd2 Rd6 44. Rxd6 Kxd6 45. Ke3 Kd5 46. Kd3 h4 47. Ke3 a5 48. Kd3 Kd6 49. Ke3 1/2-1/2

[Event "Villa Guardia D Oro Cup 31st"]
[Site "Villa Guardia"]
[Date "2013.11.03"]
[Round "6"]
[White "Gonella, Graziano"]
[Black "Fantina, Carla"]
[Result "0-1"]
[WhiteElo "1169"]
[BlackElo "1439"]
[PlyCount "36"]
[EventDate "2013.11.01"]
[EventType "swiss"]
[EventRounds "6"]
[EventCountry "ITA"]
[SourceTitle "EXT 2015"]
[Source "ChessBase"]
[SourceDate "2014.11.20"]
[SourceVersion "1"]
[SourceVersionDate "2014.11.20"]
[SourceQuality "1"]

1. e4 d6 2. d4 Nf6 3. Bd3 g6 4. c3 Bg7 5. Bd2 0-0 6. Qc1 c5 7. Bh6 cxd4 8. Bxg7 Kxg7 9. cxd4 Qb6 10. Qc3 Nc6 11. Nf3 Qa5 12. 0-0 Qxc3 13. Nxc3 Bg4 14. Nh4 Nxd4 15. f3 Bd7 16. Rae1 e5 17. Nd5 Nxd5 18. exd5 Bg4 0-1